00521nam a2200109Ia 4500008004100000245025800041260002900299260000900328300000600337650001300343856005500356170516s9999 xx 000 0 und d aDevelopment and Evaluation of Novel Self-Nanoemulsifying Drug Delivery Systems Based on a Homolipid from Capra hircus and Its Admixtures with Melon Oil for the Delivery of Indomethacin, Nicholas C. Obitte, Kenneth C. Ofokansi, and Franklin C. Kenechukwu bJournal of Pharmaceutics c2014 a: xPharmacy uhttps://www.hindawi.com/journals/jphar/contents/2/